000 00435nam a2200181Ia 4500
001 12928
005 20260306163016.0
008 260306t2006||||xx |||||||||||||| ||spa||
041 _aESP
082 _aRD 463
_bM26
100 _aMarín Royo, Luis María
_eAUT
245 0 _aEl habla en la Ribera de Navarra
260 _c2006
300 _a552 páginas :
_c27 cm.
650 _aGEN
654 _aCHU
942 _cLIB
_dJUS
_fJUS
_2ddc
_n
999 _c12928
_d12928